Emma /
| Clasificación: | Libro Electrónico |
|---|---|
| Autor principal: | |
| Otros Autores: | , |
| Formato: | Electrónico eBook |
| Idioma: | Español Inglés |
| Publicado: |
Barcelona :
Alba,
[2019]
|
| Edición: | Edición en formato digital. |
| Colección: | Alba minus ;
29. Clásica maior. |
| Temas: | |
| Acceso en línea: | Texto completo |
MARC
| LEADER | 00000nam a2200000 i 4500 | ||
|---|---|---|---|
| 001 | DIGALBA0383 | ||
| 003 | NyNyDIG | ||
| 007 | cr ||||||||||| | ||
| 008 | 220913s2019 sp a o 000 f spa d | ||
| 006 | m o d | ||
| 035 | |a (OCoLC)1350507736 | ||
| 040 | |a DGITA |b eng |e rda |e pn |c DGITA | ||
| 020 | |a 9788490656365 |q eBook | ||
| 020 | |z 9788484288640 | ||
| 041 | 1 | |a spa |h eng | |
| 043 | |a e-uk-en | ||
| 050 | 1 | 4 | |a PR4034 ebook |
| 082 | 1 | 4 | |a 823.8 |
| 100 | 1 | |a Austen, Jane, |d 1775-1817, |e author. | |
| 240 | 1 | 0 | |a Emma. |l Spanish |s (Pitol) |
| 245 | 1 | 0 | |a Emma / |c Jane Austen ; traducción, Sergio Pitol ; ilustraciones, Hugh Thomson. |
| 250 | |a Edición en formato digital. | ||
| 264 | 1 | |a Barcelona : |b Alba, |c [2019] | |
| 300 | |a 1 online resource : |b illustrations. | ||
| 336 | |a text |b txt |2 rdacontent | ||
| 337 | |a computer |b c |2 rdamedia | ||
| 338 | |a online resource |b cr |2 rdacarrier | ||
| 347 | |a text file |2 rdaft | ||
| 347 | |b EPUB | ||
| 490 | 1 | |a Alba minus | |
| 490 | 1 | |a Alba maior | |
| 588 | 0 | |a Online resource; title from ePub title page (Digitalia, viewed September 13, 2022) | |
| 650 | 0 | |a Young women |z England |v Fiction. | |
| 650 | 0 | |a Mate selection |v Fiction. | |
| 650 | 0 | |a Fathers and daughters |v Fiction. | |
| 651 | 0 | |a England |x Social life and customs |y 19th century |v Fiction. | |
| 655 | 7 | |a Fiction. |2 lcgft | |
| 655 | 0 | |a Electronic books. | |
| 700 | 1 | |a Pitol, Sergio, |d 1933-2018, |e translator. | |
| 700 | 1 | |a Thomson, Hugh, |d 1860-1920, |e illustrator. | |
| 700 | 1 | |i Translation of: |a Austen, Jane, |d 1775-1817. |t Emma. | |
| 791 | 2 | |a Digitalia (Firm), |e distributor. | |
| 793 | 0 | |g Digitalia eBook Collection: |a Alba Editorial | |
| 776 | 0 | 8 | |i Print version: |a Austen, Jane, 1775-1817. |s Emma. Spanish (Pitol). |t Emma. |d Barcelona : Alba, 2013 |z 9788484288640 |
| 830 | 0 | |a Alba minus ; |v 29. | |
| 830 | 0 | |a Clásica maior. | |
| 856 | 4 | 0 | |u https://digitalia.uam.elogim.com/a/80276/ |z Texto completo |
| 910 | |a Premium collection: 2022 | ||


